| 000 | 00556nam a22001697a 4500 | ||
|---|---|---|---|
| 999 |
_c9342 _d9342 |
||
| 008 | 210405b ||||| |||| 00| 0 eng d | ||
| 040 | _aBMS College of Architecture | ||
| 100 | _aPatil, C, Rohith | ||
| 245 | _aDesign of an International convention centre at Bangalore | ||
| 300 | _a65p. | ||
| 500 | _a97GBEA1019 | ||
| 502 |
_8B.Arch _NBMS College of Architecture, Visvesvaraya Technological University _aProject report _d2001 |
||
| 650 | _aConvention Centre | ||
| 700 |
_aMamatha P Raj _eGuide |
||
| 700 |
_aArjun Unnikrishnan _eGuide |
||
| 942 |
_2ddc _cTHE |
||